00144 a2200073 4500100001700000245002700017260000900044999001700053 aBalakrishnan a, T&P Of Graph Theory, b MHE c41181d41181